[Event "NAYCC U10"]
[Site "Montreal CAN"]
[Date "2010.08.16"]
[Round "2"]
[White "Sowa, Ryan"]
[Black "Tanenbaum, Zachary"]
[Result "0-1"]
[WhiteElo "1057"]
[BlackElo "1684"]
[PlyCount "74"]
[EventDate "2010.08.16"]
[EventType "swiss"]
[EventRounds "7"]
[EventCountry "CAN"]

1. d4 d5 2. c4 Bf5 3. Nc3 e6 4. Nf3 c6 5. c5 b6 6. b4 a5 7. Ba3 axb4 8. Bxb4
bxc5 9. dxc5 Be7 10. e4 dxe4 11. Qxd8+ Bxd8 12. Nd2 Nf6 13. g3 Nd5 14. Rb1 Nxc3
15. Bxc3 e3 16. Rb2 exd2+ 17. Rxd2 O-O 18. Bc4 Na6 19. Bd4 Ba5 20. Ke2 Bxd2 21.
Kxd2 Nb4 22. Ra1 Nc2 23. g4 Bg6 24. Rg1 Nxd4 25. Ke3 Nc2+ 26. Kd2 Rfd8+ 27. Kc3
Ra3+ 28. Bb3 Nd4 29. Rb1 Bxb1 30. Kb2 Nxb3 31. axb3 Ra2+ 32. Kxb1 Rxf2 33. Kc1
e5 34. h4 e4 35. h5 e3 36. g5 e2 37. h6 e1=Q# 0-1

[Event "NAYCC U10"]
[Site "Montreal CAN"]
[Date "2010.08.16"]
[Round "2"]
[White "Vaillant, Charles-Etienne"]
[Black "Fernandez, Jorge Carlo"]
[Result "1-0"]
[WhiteElo "1097"]
[BlackElo "544"]
[PlyCount "71"]
[EventDate "2010.08.16"]
[EventType "swiss"]
[EventRounds "7"]
[EventCountry "CAN"]

1. e4 e6 2. d4 Nc6 3. Bc4 Nf6 4. Bg5 d5 5. Bb5 dxe4 6. Nc3 h6 7. Bh4 a6 8. Ba4
b5 9. Bb3 g5 10. Bg3 a5 11. Nxb5 Rb8 12. Bxc7 Qd7 13. Bxb8 Nxb8 14. Ba4 Ba6 15.
Nc3 Qxa4 16. Nxa4 Bb4+ 17. c3 Bd6 18. Ne2 Bb5 19. Nb6 O-O 20. a4 Be8 21. Ng3
Bc7 22. Nc8 Bxa4 23. Ne7+ Kg7 24. Rxa4 Bd6 25. Nef5+ Kg8 26. Nxh6+ Kh7 27. Ng4
Ne8 28. Nxe4 Bf4 29. Ngf6+ Nxf6 30. Nxf6+ Kg7 31. Nh5+ Kh6 32. Nxf4 gxf4 33.
Rxa5 Nc6 34. Rh5+ Kg6 35. Qg4+ Kf6 36. Qg5# 1-0

[Event "NAYCC U10"]
[Site "Montreal CAN"]
[Date "2010.08.16"]
[Round "2"]
[White "Wan, Kevin"]
[Black "Robichaud, Alexandre"]
[Result "1-0"]
[WhiteElo "1385"]
[BlackElo "1146"]
[PlyCount "62"]
[EventDate "2010.08.16"]
[EventType "swiss"]
[EventRounds "7"]
[EventCountry "CAN"]

1. e4 c5 2. Nf3 e6 3. d4 cxd4 4. Nxd4 Nc6 5. Nc3 Bb4 6. Be3 d6 7. Qd2 a6 8.
Nxc6 bxc6 9. Qd4 Bxc3+ 10. Qxc3 c5 11. Qxg7 Qf6 12. Qxf6 Nxf6 13. f3 Bb7 14.
O-O-O d5 15. exd5 Bxd5 16. b3 Nd7 17. c4 Bc6 18. Be2 a5 19. Rd6 Ra6 20. Rhd1
Ke7 21. f4 Rd8 22. g4 Bb7 23. Rxa6 Bxa6 24. Bd2 Ra8 25. Bd3 Nf8 26. Be4 Ra7 27.
Kb2 a4 28. Be3 Nd7 29. g5 axb3 30. axb3 f6 31. gxf6+ Nxf6 1-0

[Event "NAYCC U10"]
[Site "Montreal CAN"]
[Date "2010.08.16"]
[Round "2"]
[White "Yip, William"]
[Black "Ju, Terrence"]
[Result "1-0"]
[WhiteElo "1286"]
[BlackElo "940"]
[PlyCount "75"]
[EventDate "2010.08.16"]
[EventType "swiss"]
[EventRounds "7"]
[EventCountry "CAN"]

1. d4 Nf6 2. c4 g6 3. Nc3 Bg7 4. Bg5 d6 5. Nf3 Bg4 6. e3 Nbd7 7. Bd3 O-O 8. h3
Be6 9. d5 Bf5 10. e4 Nxe4 11. Nxe4 Bxe4 12. Bxe4 Nc5 13. Bc2 Bxb2 14. Rb1 Bc3+
15. Bd2 Bg7 16. O-O Re8 17. Be3 Rb8 18. Qd2 e6 19. Bh6 Qf6 20. Bxg7 Qxg7 21.
dxe6 Rxe6 22. Qa5 b6 23. Qxa7 Rb7 24. Qa3 Re2 25. Rfe1 Rxe1+ 26. Rxe1 Qf8 27.
Ba4 Nxa4 28. Qxa4 Rb8 29. Nd4 Ra8 30. Qd7 Rc8 31. Nc6 Kg7 32. Re7 Kh6 33. Rxf7
Qg8 34. Rf4 g5 35. Rf6+ Qg6 36. Rxg6+ hxg6 37. Qxc8 d5 38. Qh8# 1-0

[Event "NAYCC U10"]
[Site "Montreal CAN"]
[Date "2010.08.16"]
[Round "2"]
[White "Zhang, Kevin"]
[Black "Vachon, Charles-Olivier"]
[Result "1-0"]
[WhiteElo "957"]
[BlackElo "722"]
[PlyCount "81"]
[EventDate "2010.08.16"]
[EventType "swiss"]
[EventRounds "7"]
[EventCountry "CAN"]

1. e4 e5 2. Nf3 d6 3. Bc4 Bd7 4. Nc3 Nf6 5. Ng5 d5 6. Bxd5 Nxd5 7. Nxd5 Na6 8.
d3 Be7 9. Nf3 c6 10. Nc3 Bb4 11. a3 Bxc3+ 12. bxc3 Bg4 13. h3 Bxf3 14. Qxf3 O-O
15. Qg3 g6 16. Bg5 Qb6 17. O-O Qb2 18. Rfc1 Qxc3 19. h4 f6 20. Be3 Nc7 21. Bh6
Rf7 22. h5 g5 23. Qg4 Ne6 24. Qxe6 Qd2 25. Rd1 Qe2 26. f3 Qe3+ 27. Kf1 Qf4 28.
Kf2 Qh4+ 29. g3 Qxh5 30. Rh1 Qg6 31. Qf5 Qxf5 32. exf5 b5 33. Rab1 a5 34. c3
Rb8 35. c4 b4 36. a4 b3 37. f4 gxf4 38. gxf4 exf4 39. Bxf4 b2 40. Bxb8 Rb7 41.
Bf4 1-0

[Event "NAYCC U10"]
[Site "Montreal CAN"]
[Date "2010.08.16"]
[Round "2"]
[White "Zhao, Frederick"]
[Black "Bellissimo, Joseph"]
[Result "0-1"]
[WhiteElo "1350"]
[BlackElo "1747"]
[PlyCount "156"]
[EventDate "2010.08.16"]
[EventType "swiss"]
[EventRounds "7"]
[EventCountry "CAN"]

1. e4 e5 2. Nf3 Nf6 3. Nxe5 d6 4. Nf3 Nxe4 5. d3 Nf6 6. Be2 Be7 7. O-O O-O 8.
Nc3 Nc6 9. Bf4 Be6 10. d4 Nb4 11. a3 Nbd5 12. Nxd5 Nxd5 13. Bg3 Nf6 14. Re1 Re8
15. Ng5 Bf5 16. Bf3 d5 17. Be2 h6 18. Nf3 Ne4 19. Bf4 Bd6 20. Bxd6 Qxd6 21. Bd3
c5 22. dxc5 Qxc5 23. Rf1 Rac8 24. Rc1 Qb6 25. Rb1 Bg4 26. h3 Bh5 27. Be2 Ng3
28. Re1 Nxe2+ 29. Rxe2 Rxe2 30. Qxe2 Bxf3 31. Qxf3 Rxc2 32. Rd1 Rxb2 33. Rxd5
Rb1+ 34. Kh2 Qc7+ 35. g3 Re1 36. Rb5 Re7 37. Rd5 Rd7 38. Qd3 Rxd5 39. Qxd5 Qb6
40. Qd2 Kf8 41. Qf4 g5 42. Qf3 Kg7 43. Qc3+ Qf6 44. Qe3 b6 45. Kg2 Qc6+ 46. Kh2
Qc5 47. Qf3 b5 48. Kg2 b4 49. axb4 Qxb4 50. Qe3 Qb7+ 51. Kh2 Qb6 52. Qc3+ Qf6
53. Qc5 Qa1 54. Kg2 a5 55. Qa7 a4 56. Qa5 a3 57. Qd2 a2 58. Qc2 Qb1 59. Qc3+
Kh7 60. Qd2 a1=Q 61. Kf3 Qa8+ 62. Ke2 Qae4+ 63. Qe3 Qxe3+ 64. Kxe3 Qb4 65. Kf3
Qd4 66. Kg2 Qd3 67. Kh2 Qf3 68. Kg1 f5 69. Kf1 f4 70. gxf4 gxf4 71. h4 Kg6 72.
Kg1 Qd3 73. Kg2 Kh5 74. Kg1 f3 75. Kh2 Kg4 76. h5 Qd2 77. Kg1 Kh3 78. Kh1 Qe1#
0-1

[Event "NAYCC U10"]
[Site "Montreal CAN"]
[Date "2010.08.16"]
[Round "2"]
[White "Zimmermann, Eric"]
[Black "Wang, Eric"]
[Result "0-1"]
[WhiteElo "676"]
[BlackElo "933"]
[PlyCount "32"]
[EventDate "2010.08.16"]
[EventType "swiss"]
[EventRounds "7"]
[EventCountry "CAN"]

1. d4 Nf6 2. d5 e6 3. Nc3 Bb4 4. dxe6 fxe6 5. Nf3 Nc6 6. Bg5 b6 7. e3 Bb7 8.
Bb5 a6 9. Bxc6 Bxc6 10. O-O Qe7 11. a3 Bd6 12. Bxf6 Qxf6 13. Qd2 Qg6 14. g3
Bxf3 15. Rfe1 Qg4 16. h4 Qh3 0-1

[Event "NAYCC U10"]
[Site "Montreal CAN"]
[Date "2010.08.17"]
[Round "3"]
[White "Aghamalian, Derick"]
[Black "Pillai, Kadhir"]
[Result "0-1"]
[WhiteElo "1373"]
[BlackElo "1952"]
[PlyCount "98"]
[EventDate "2010.08.16"]
[EventType "swiss"]
[EventRounds "7"]
[EventCountry "CAN"]

1. e4 e5 2. Nf3 Nf6 3. Nxe5 d6 4. Nf3 Nxe4 5. d4 d5 6. Bd3 Nc6 7. O-O Be7 8.
Re1 Nf6 9. Nc3 Bg4 10. Be3 O-O 11. h3 Bh5 12. Nb1 Ne4 13. Be2 f5 14. b3 Bb4 15.
Bd2 Bxd2 16. Nbxd2 Nc3 17. Qc1 Qf6 18. Bd3 Nxd4 19. Nxd4 Qxd4 20. Re7 Ne4 21.
Qe1 Nxd2 22. Qxd2 Qxa1+ 23. Bf1 c6 24. a4 Rfe8 25. Rxe8+ Rxe8 26. c3 Be2 27.
Kh2 Qxf1 28. Qf4 Bd3 29. Kg3 Qe2 30. a5 Qe5 31. Qxe5 Rxe5 32. b4 Re2 33. h4 Bc2
34. Kf3 Rd2 35. g3 Be4+ 36. Ke3 Rd3+ 37. Kf4 Kf7 38. Ke5 Rxc3 39. Kd4 Rc4+ 40.
Ke5 d4 41. Kf4 d3 42. Ke3 Rc2 43. f3 d2 44. Ke2 Bxf3+ 45. Kxf3 d1=Q+ 46. Ke3
Rc3+ 47. Kf2 Rf3+ 48. Kg2 Qf1+ 49. Kh2 Rf2# 0-1

[Event "NAYCC U10"]
[Site "Montreal CAN"]
[Date "2010.08.17"]
[Round "3"]
[White "Bellissimo, Joseph"]
[Black "Tanenbaum, Zachary"]
[Result "0-1"]
[WhiteElo "1747"]
[BlackElo "1684"]
[PlyCount "116"]
[EventDate "2010.08.16"]
[EventType "swiss"]
[EventRounds "7"]
[EventCountry "CAN"]

1. e4 e5 2. Nf3 Nc6 3. Bc4 Nf6 4. d3 Bc5 5. Nc3 d6 6. Be3 Bb6 7. Nd5 Nxd5 8.
Bxd5 Be6 9. Bb3 O-O 10. O-O Re8 11. Qd2 Qd7 12. Rad1 Bg4 13. Ng5 Nd8 14. f3 Bh5
15. Rde1 Qe7 16. Bxb6 axb6 17. f4 h6 18. Nf3 Ne6 19. fxe5 dxe5 20. Qf2 Nc5 21.
Bc4 c6 22. Nh4 Kh8 23. Bxf7 Bxf7 24. Qxf7 Qxh4 25. b4 Re7 26. Qg6 Ne6 27. Qf5
Qg5 28. Qf2 Rxa2 29. Ra1 Rxa1 30. Rxa1 c5 31. bxc5 bxc5 32. c3 Nf4 33. Qf3 Re6
34. Ra2 Nh3+ 35. Kf1 Rf6 36. Qxf6 Qxf6+ 37. Ke1 Nf4 38. Rd2 b5 39. g3 Ne6 40.
Rb2 Qf3 41. Rd2 Qh1+ 42. Ke2 Qxh2+ 43. Kd1 Qxg3 44. Kc2 h5 45. Rd1 h4 46. Rd2
h3 47. Kb2 Qg2 48. Rxg2 hxg2 49. Kb3 g1=Q 50. Ka2 g5 51. Kb2 g4 52. d4 cxd4 53.
cxd4 Qxd4+ 54. Ka2 g3 55. Kb3 g2 56. Ka3 g1=Q 57. Ka2 Qga1+ 58. Kb3 Qab2# 0-1

[Event "NAYCC U10"]
[Site "Montreal CAN"]
[Date "2010.08.17"]
[Round "3"]
[White "Birbal, Alec"]
[Black "Zimmermann, Eric"]
[Result "0-1"]
[WhiteElo "614"]
[BlackElo "676"]
[PlyCount "126"]
[EventDate "2010.08.16"]
[EventType "swiss"]
[EventRounds "7"]
[EventCountry "CAN"]

1. e4 e5 2. Qe2 Nf6 3. g3 Nc6 4. Bg2 d6 5. Nh3 Be6 6. Nc3 Be7 7. Nb5 Bg4 8. Qf1
O-O 9. d3 a6 10. Nc3 b5 11. f3 Bxh3 12. Bxh3 Nd4 13. Rb1 Nxc2+ 14. Kd2 Nd4 15.
Nd5 Nxd5 16. exd5 Bg5+ 17. Kd1 Bxc1 18. Rxc1 Rc8 19. Bxc8 Qxc8 20. h3 a5 21.
Rh2 b4 22. Rd2 a4 23. a3 b3 24. Rc4 Nb5 25. Rb4 Nd4 26. Rxa4 Qd7 27. Rc4 Qb5
28. Rf2 Qxd5 29. a4 Rc8 30. f4 exf4 31. Rxf4 Nc2 32. Qf3 Qxf3+ 33. Rxf3 c6 34.
Rb4 Na1 35. d4 c5 36. dxc5 dxc5 37. Rb5 Rd8+ 38. Ke1 Nc2+ 39. Kf1 Rd1+ 40. Kg2
Ne1+ 41. Kh1 Nxf3+ 42. Kg2 Ne1+ 43. Kf2 Nd3+ 44. Kf3 Ne5+ 45. Kf4 f6 46. Rb8+
Kf7 47. a5 g5+ 48. Kf5 Rf1+ 49. Ke4 Kg6 50. a6 Re1+ 51. Kd5 Rd1+ 52. Kxc5 Nd7+
53. Kc6 Nxb8+ 54. Kb6 Rd6+ 55. Kb7 Nxa6 56. Kc8 Rd2 57. g4 Rxb2 58. h4 Rg2 59.
h5+ Kf7 60. h6 b2 61. Kd8 b1=Q 62. Kd7 Rd2+ 63. Kc8 Qb8# 0-1

[Event "NAYCC U10"]
[Site "Montreal CAN"]
[Date "2010.08.17"]
[Round "3"]
[White "Gariaev, Gleb"]
[Black "Zhao, Frederick"]
[Result "1/2-1/2"]
[WhiteElo "829"]
[BlackElo "1350"]
[PlyCount "101"]
[EventDate "2010.08.16"]
[EventType "swiss"]
[EventRounds "7"]
[EventCountry "CAN"]

1. e4 e5 2. Nf3 Nc6 3. Bc4 Nf6 4. Ng5 d5 5. exd5 Na5 6. b3 Nxd5 7. Qf3 Be6 8.
Nc3 Nxc4 9. Nxe6 fxe6 10. bxc4 Nxc3 11. Qxc3 Qd4 12. Qxd4 exd4 13. Bb2 Bc5 14.
d3 O-O 15. f3 Rad8 16. Kd2 Rfe8 17. c3 dxc3+ 18. Bxc3 Bd4 19. Bxd4 Rxd4 20.
Rhe1 Kf7 21. Re4 e5 22. Rxd4 exd4 23. Re1 Rxe1 24. Kxe1 c6 25. Kd2 Ke6 26. g3
a6 27. Kc2 b5 28. cxb5 axb5 29. Kb3 c5 30. a4 bxa4+ 31. Kxa4 Kd5 32. Kb3 g6 33.
Kc2 c4 34. dxc4+ Kxc4 35. Kd2 d3 36. Kd1 Kd4 37. Kd2 g5 38. h3 h6 39. h4 gxh4
40. gxh4 h5 41. f4 Ke4 42. f5 Kxf5 43. Kxd3 Kg4 44. Ke4 Kxh4 45. Kf4 Kh3 46.
Kf3 h4 47. Kf2 Kh2 48. Kf3 h3 49. Kf2 Kh1 50. Kg3 h2 51. Kf2 1/2-1/2

[Event "NAYCC U10"]
[Site "Montreal CAN"]
[Date "2010.08.17"]
[Round "3"]
[White "Ju, Terrence"]
[Black "Fan, Run Kun"]
[Result "1/2-1/2"]
[WhiteElo "940"]
[BlackElo "1174"]
[PlyCount "33"]
[EventDate "2010.08.16"]
[EventType "swiss"]
[EventRounds "7"]
[EventCountry "CAN"]

1. d4 d5 2. c4 e6 3. Nc3 Nf6 4. Bg5 Bb4 5. e3 O-O 6. Nf3 c5 7. a3 Bxc3+ 8. bxc3
Qa5 9. Qc2 Ne4 10. Rc1 Bd7 11. Be2 cxd4 12. Be7 Re8 13. Bb4 Qc7 14. cxd4 b5 15.
c5 a6 16. O-O Nc6 17. Bd3 1/2-1/2

[Event "NAYCC U10"]
[Site "Montreal CAN"]
[Date "2010.08.17"]
[Round "3"]
[White "Lachance, Pierre-Alexis"]
[Black "Kubrynski, Daniel"]
[Result "0-1"]
[WhiteElo "891"]
[BlackElo "882"]
[PlyCount "93"]
[EventDate "2010.08.16"]
[EventType "swiss"]
[EventRounds "7"]
[EventCountry "CAN"]

1. e4 e5 2. Nf3 Nc6 3. Be2 Nf6 4. Nc3 Bb4 5. Bd3 Bxc3 6. bxc3 d6 7. O-O O-O 8.
Ba3 Re8 9. Ng5 h6 10. Nf3 Bg4 11. Be2 Bxf3 12. Bxf3 a6 13. d4 exd4 14. cxd4 d5
15. exd5 Nxd5 16. Re1 Rxe1+ 17. Qxe1 Qd7 18. Qd2 Re8 19. Re1 Rxe1+ 20. Qxe1
Nxd4 21. Bd1 Qa4 22. Bc5 Nxc2 23. Bxc2 Qxc2 24. Be3 Ne7 25. g3 Qxa2 26. Bf4 Qe6
27. Qxe6 fxe6 28. Bxc7 Nc6 29. Kf1 a5 30. Ke1 Nb4 31. Bxa5 Nc6 32. Bd2 Nd4 33.
Kd1 Nf3 34. h4 Nxd2 35. Kxd2 Kf7 36. Kc1 Kf6 37. g4 Ke5 38. Kb1 g5 39. h5 Kf4
40. Kc1 Kf3 41. Kb1 Kxf2 42. Kc1 e5 43. Kc2 e4 44. Kd2 e3+ 45. Kd3 e2 46. Kd4
e1=Q 47. Kd3 0-1

[Event "NAYCC U10"]
[Site "Montreal CAN"]
[Date "2010.08.17"]
[Round "3"]
[White "Matlin, Michael"]
[Black "Saine, Zachary"]
[Result "0-1"]
[WhiteElo "419"]
[BlackElo "1120"]
[PlyCount "34"]
[EventDate "2010.08.16"]
[EventType "swiss"]
[EventRounds "7"]
[EventCountry "CAN"]

1. e4 e5 2. Nc3 Nf6 3. Bc4 Nxe4 4. Nxe4 d5 5. Bd3 dxe4 6. Bxe4 f5 7. Bd3 Nc6 8.
b3 Bd7 9. Bb2 Qg5 10. Nf3 Qxg2 11. Rg1 Qh3 12. Nxe5 Nxe5 13. Bxe5 O-O-O 14. Rg3
Qxh2 15. Re3 Qg1+ 16. Bf1 Bb5 17. Rg3 Qxf1# 0-1

[Event "NAYCC U10"]
[Site "Montreal CAN"]
[Date "2010.08.17"]
[Round "3"]
[White "Robichaud, Alexandre"]
[Black "Matlin, Daniel"]
[Result "1-0"]
[WhiteElo "1146"]
[BlackElo "220"]
[PlyCount "63"]
[EventDate "2010.08.16"]
[EventType "swiss"]
[EventRounds "7"]
[EventCountry "CAN"]

1. e4 e5 2. Nf3 Nc6 3. Bb5 Bc5 4. O-O Nf6 5. Nc3 O-O 6. d3 b6 7. Be3 Bd4 8.
Bxc6 dxc6 9. Bxd4 exd4 10. Ne2 c5 11. c3 dxc3 12. Nxc3 c4 13. dxc4 Qxd1 14.
Raxd1 Be6 15. b3 h6 16. h3 c6 17. e5 Nh5 18. a4 Nf4 19. Kh2 g5 20. g3 Nxh3 21.
Rd6 Bg4 22. Rxh6 Kg7 23. Rxh3 Bxh3 24. Kxh3 Rh8+ 25. Kg4 Kg6 26. Nxg5 Rh5 27.
f4 a6 28. f5+ Kh6 29. Nxf7+ Kg7 30. Kxh5 Kxf7 31. Kg4 Rg8+ 32. Kf4 1-0

[Event "NAYCC U10"]
[Site "Montreal CAN"]
[Date "2010.08.17"]
[Round "3"]
[White "Satir, Ege Nur"]
[Black "Sun, Benjamin"]
[Result "1/2-1/2"]
[WhiteElo "1197"]
[BlackElo "1229"]
[PlyCount "98"]
[EventDate "2010.08.16"]
[EventType "swiss"]
[EventRounds "7"]
[EventCountry "CAN"]

1. e4 c5 2. Nf3 Nc6 3. Bc4 e6 4. Nc3 a6 5. a3 b5 6. Ba2 Nge7 7. O-O d5 8. d3 c4
9. dxc4 bxc4 10. exd5 exd5 11. b3 Be6 12. Re1 d4 13. Ne2 cxb3 14. Bxb3 Bxb3 15.
cxb3 Qd7 16. Qd3 g6 17. Bb2 Bg7 18. Rab1 O-O 19. Red1 Nf5 20. Rbc1 Rac8 21.
Qxa6 Rfe8 22. Qd3 Rb8 23. Rc2 Rb7 24. Rcd2 Qd6 25. Nexd4 Ncxd4 26. Nxd4 Nxd4
27. Bxd4 Rd7 28. Be3 Qxd3 29. Rxd3 Rde7 30. h3 f5 31. Rd8 Kf7 32. Rxe8 Rxe8 33.
Rb1 Ra8 34. Bc1 Rd8 35. Bg5 Ra8 36. b4 Rxa3 37. b5 Ra1 38. Rxa1 Bxa1 39. Bf4
Bd4 40. Be3 Bxe3 41. fxe3 Ke7 42. Kh2 Kd6 43. Kg3 Kc5 44. Kh4 Kxb5 45. Kg5 Kc4
46. g4 Kd3 47. gxf5 gxf5 48. Kxf5 Kxe3 49. Kg5 Kf3 1/2-1/2

[Event "NAYCC U10"]
[Site "Montreal CAN"]
[Date "2010.08.17"]
[Round "3"]
[White "Vachon, Charles-Olivier"]
[Black "Ait-Chabane, Adam"]
[Result "0-1"]
[WhiteElo "722"]
[BlackElo "951"]
[PlyCount "90"]
[EventDate "2010.08.16"]
[EventType "swiss"]
[EventRounds "7"]
[EventCountry "CAN"]

1. e4 e5 2. Nf3 Nc6 3. Bb5 Qf6 4. Bxc6 Qxc6 5. d3 d6 6. O-O Nf6 7. Bg5 Qb6 8.
b3 Be7 9. g3 Bg4 10. Bxf6 Bxf6 11. c4 Bxf3 12. Qxf3 Qd4 13. Nd2 Bg5 14. Rfd1
Bxd2 15. Rxd2 Qxa1+ 16. Kg2 O-O 17. Rd1 Qxa2 18. Re1 Qxb3 19. Re3 Rae8 20. Qh5
g6 21. Qh6 a5 22. Rf3 a4 23. Qc1 a3 24. Qa1 Qb2 25. Qd1 a2 26. Qa4 a1=B 27. Qa7
Ra8 28. Qe3 Qa3 29. Qg5 Rae8 30. Qg4 Re7 31. Qg5 d5 32. exd5 c6 33. d6 Qxd6 34.
Qc1 Bd4 35. Qe1 b5 36. cxb5 cxb5 37. Qb1 b4 38. Qc2 Rb8 39. Qa2 b3 40. Qa7 Rxa7
41. Rxf7 Rxf7 42. h4 Rxf2+ 43. Kh3 Qe6+ 44. g4 h5 45. Kg3 Qxg4# 0-1

[Event "NAYCC U10"]
[Site "Montreal CAN"]
[Date "2010.08.17"]
[Round "3"]
[White "Wang, Eric"]
[Black "Gugel, Brett"]
[Result "0-1"]
[WhiteElo "933"]
[BlackElo "1352"]
[PlyCount "118"]
[EventDate "2010.08.16"]
[EventType "swiss"]
[EventRounds "7"]
[EventCountry "CAN"]

1. e4 d6 2. d4 Nf6 3. Nc3 Nbd7 4. Nf3 e5 5. dxe5 dxe5 6. Bg5 Be7 7. Bc4 c6 8.
h3 O-O 9. Qd2 Qc7 10. a3 Nc5 11. Qe3 Be6 12. Ba2 Bxa2 13. Bxf6 Bxf6 14. Nxa2
Ne6 15. Nc3 Rad8 16. O-O Nd4 17. Nxd4 exd4 18. Qe2 dxc3 19. b3 Rd2 20. Qg4 Rxc2
21. f4 Bd4+ 22. Kh1 Qe7 23. Rae1 Bf2 24. Re2 Rxe2 25. Qxe2 Bb6 26. Rf3 Qxa3 27.
Qc4 Qc5 28. Qxc5 Bxc5 29. Rxc3 Bb6 30. Rd3 Rd8 31. Rxd8+ Bxd8 32. Kg1 Bb6+ 33.
Kf1 Kf8 34. Ke2 Ke7 35. Kd3 g6 36. g4 Kd6 37. Kc4 Be3 38. f5 gxf5 39. exf5 f6
40. Kd3 Bg5 41. Kd4 c5+ 42. Ke4 b5 43. Kd3 Kd5 44. Kc3 a5 45. Kd3 c4+ 46. bxc4+
bxc4+ 47. Kc3 Kc5 48. Kc2 Kd4 49. h4 Bxh4 50. Kd2 a4 51. Kc2 c3 52. g5 Bxg5 53.
Kb1 Kd3 54. Ka2 c2 55. Ka3 c1=Q+ 56. Kxa4 Qb1 57. Ka5 Kc4 58. Ka6 Be3 59. Ka5
Qb5# 0-1

[Event "NAYCC U10"]
[Site "Montreal CAN"]
[Date "2010.08.17"]
[Round "3"]
[White "Xiong, Jeffery"]
[Black "Wan, Kevin"]
[Result "1-0"]
[WhiteElo "2137"]
[BlackElo "1385"]
[PlyCount "69"]
[EventDate "2010.08.16"]
[EventType "swiss"]
[EventRounds "7"]
[EventCountry "CAN"]

1. e4 e6 2. d4 d5 3. Nd2 c5 4. exd5 Qxd5 5. Ngf3 cxd4 6. Bc4 Qd8 7. O-O Nf6 8.
Nb3 Nc6 9. Nbxd4 Nxd4 10. Nxd4 Be7 11. Bb5+ Bd7 12. Qf3 Bxb5 13. Nxb5 Qb6 14.
a4 a6 15. Be3 Qd8 16. Rfd1 Qc8 17. Nd6+ Bxd6 18. Rxd6 O-O 19. Bd4 Rd8 20. Rxd8+
Qxd8 21. Bxf6 gxf6 22. Qxb7 Rb8 23. Qxa6 Rxb2 24. Qc4 Qb8 25. h3 Rb4 26. Qc3 e5
27. a5 Rb7 28. a6 Ra7 29. Qc4 Qa8 30. Ra3 Kh8 31. Rg3 f5 32. Qc5 Qb8 33. Rb3
Qa8 34. Qxe5+ Kg8 35. Rb8+ 1-0

[Event "NAYCC U10"]
[Site "Montreal CAN"]
[Date "2010.08.17"]
[Round "3"]
[White "Yang, Eddie"]
[Black "Sowa, Ryan"]
[Result "1/2-1/2"]
[WhiteElo "1054"]
[BlackElo "1057"]
[PlyCount "119"]
[EventDate "2010.08.16"]
[EventType "swiss"]
[EventRounds "7"]
[EventCountry "CAN"]

1. d4 d5 2. c4 c6 3. cxd5 cxd5 4. Bf4 Nc6 5. Nf3 Nf6 6. Nc3 Bg4 7. e3 e6 8. Be2
Bb4 9. O-O Bxc3 10. bxc3 O-O 11. h3 Bf5 12. Bd3 Ne4 13. Rc1 Qa5 14. Qc2 Rac8
15. c4 Nb4 16. Qb1 Nxd3 17. Qxd3 Ng3 18. Qb3 Nxf1 19. Rxf1 Rxc4 20. Qxb7 Rb4
21. Qc6 Rc4 22. Qb7 Qb6 23. Qxb6 axb6 24. Ne5 Rc2 25. a4 f6 26. Nd7 Ra8 27.
Nxb6 Ra6 28. Nd7 e5 29. Nc5 Rxc5 30. dxc5 exf4 31. Rc1 Rc6 32. a5 fxe3 33. fxe3
Bd3 34. Kf2 Bc4 35. e4 Rxc5 36. exd5 Kf7 37. Ke3 Rxd5 38. Rxc4 Rxa5 39. Rc7+
Kg6 40. Kf4 Ra4+ 41. Kf3 Kh6 42. Rc5 g5 43. Rc6 Rf4+ 44. Ke3 Kh5 45. g3 Rf1 46.
Ke2 Rh1 47. Kf2 Rxh3 48. Kg2 g4 49. Rxf6 Kg5 50. Rf7 Rh6 51. Rg7+ Kf5 52. Rf7+
Kg6 53. Rf4 Kg5 54. Rf7 Rh3 55. Rg7+ Kf5 56. Rf7+ Kg6 57. Rf4 h5 58. Rf8 h4 59.
gxh4 Rxh4 60. Kg3 1/2-1/2

[Event "NAYCC U10"]
[Site "Montreal CAN"]
[Date "2010.08.17"]
[Round "3"]
[White "Zhang, Evan"]
[Black "Yip, William"]
[Result "1/2-1/2"]
[WhiteElo "1355"]
[BlackElo "1286"]
[PlyCount "111"]
[EventDate "2010.08.16"]
[EventType "swiss"]
[EventRounds "7"]
[EventCountry "CAN"]

1. e4 e5 2. Nf3 Nc6 3. Bc4 Nf6 4. d3 Bc5 5. Bg5 h6 6. Bh4 d6 7. Nc3 a6 8. Nd5
Rg8 9. Bxf6 gxf6 10. Qd2 Be6 11. Qxh6 Bxd5 12. Bxd5 Rxg2 13. Qh7 Qe7 14. Qh8+
Qf8 15. Qxf8+ Kxf8 16. Rf1 Rb8 17. h4 Nd4 18. Nxd4 Bxd4 19. c3 Ba7 20. b4 c6
21. Bb3 Rh2 22. f4 Ke7 23. h5 Be3 24. fxe5 dxe5 25. Kd1 Rd2+ 26. Ke1 Rxd3 27.
Ke2 Rxc3 28. Rf3 Bd4 29. Raf1 Rxf3 30. Rxf3 Rh8 31. Rh3 Bb2 32. Kd3 Bc1 33. Rh1
Rd8+ 34. Kc2 Bh6 35. a3 Rd2+ 36. Kc3 Rd4 37. Rh4 f5 38. Bc2 fxe4 39. Rxe4 Rxe4
40. Bxe4 Ke6 41. Kd3 f5 42. Bg2 e4+ 43. Kd4 Kd6 44. Bh1 e3 45. Bf3 f4 46. Bg4
b6 47. Bf3 Ke6 48. Bg4+ Kf6 49. Kd3 Kg5 50. Bf3 Kh4 51. Bxc6 Kxh5 52. Ke2 Kh4
53. Kf3 Kh3 54. Bb7 a5 55. bxa5 bxa5 56. Ba6 1/2-1/2

[Event "NAYCC U10"]
[Site "Montreal CAN"]
[Date "2010.08.17"]
[Round "3"]
[White "Zhang, Jeff"]
[Black "Vaillant, Charles-Etienne"]
[Result "1-0"]
[WhiteElo "1107"]
[BlackElo "1097"]
[PlyCount "113"]
[EventDate "2010.08.16"]
[EventType "swiss"]
[EventRounds "7"]
[EventCountry "CAN"]

1. e4 e5 2. Nf3 Nc6 3. Bc4 Bc5 4. Nc3 d6 5. d3 Bg4 6. h3 Bxf3 7. Qxf3 Nf6 8.
Bg5 Nd4 9. Qd1 h6 10. Bh4 g5 11. Bg3 Qe7 12. Nd5 Nxd5 13. Bxd5 c6 14. Bc4 O-O-O
15. c3 Ne6 16. h4 Rdg8 17. Qd2 b5 18. Bb3 a5 19. a4 b4 20. Bxe6+ fxe6 21. d4 d5
22. dxc5 Qxc5 23. Bxe5 Rh7 24. Qd4 Qxd4 25. Bxd4 bxc3 26. Bxc3 dxe4 27. Bxa5
Rf7 28. g3 Rgf8 29. Bb6 g4 30. a5 Kb7 31. Kd2 Ka6 32. Rhe1 Rd7+ 33. Kc2 Rf5 34.
Rxe4 Rfd5 35. Be3 e5 36. Rxg4 h5 37. Rg6 Rxa5 38. Rxa5+ Kxa5 39. Rxc6 Kb5 40.
Rc5+ Kb4 41. Rxe5 Rc7+ 42. Bc5+ Rxc5+ 43. Rxc5 Kxc5 44. Kd3 Kd5 45. b4 Kc6 46.
f4 Kd5 47. b5 Kc5 48. f5 Kxb5 49. f6 Kc5 50. f7 Kd5 51. f8=Q Ke5 52. Qf4+ Ke6
53. Kd4 Ke7 54. Kd5 Kd7 55. Qf7+ Kc8 56. Kc6 Kd8 57. Qd7# 1-0

[Event "NAYCC U10"]
[Site "Montreal CAN"]
[Date "2010.08.17"]
[Round "3"]
[White "Zhang, Kevin"]
[Black "Lu, Albert"]
[Result "0-1"]
[WhiteElo "957"]
[BlackElo "1849"]
[PlyCount "88"]
[EventDate "2010.08.16"]
[EventType "swiss"]
[EventRounds "7"]
[EventCountry "CAN"]

1. e4 e6 2. d4 d5 3. e5 c5 4. Be3 cxd4 5. Bxd4 Nc6 6. Nf3 Nge7 7. Bb5 Bd7 8.
Nc3 Nf5 9. Be3 Bb4 10. Bg5 Qa5 11. Bd2 Bxc3 12. Bxc6 Bxd2+ 13. Qxd2 Qxd2+ 14.
Nxd2 Bxc6 15. O-O Rc8 16. Rfd1 Ba4 17. b3 Bb5 18. Rac1 Nd4 19. Kh1 Ne2 20. Rb1
Nc3 21. Re1 Nxb1 22. Nxb1 Kd7 23. Nd2 Rc7 24. c4 Rhc8 25. a4 Ba6 26. b4 Bxc4
27. Nxc4 Rxc4 28. Rg1 Rc1 29. h3 Rxg1+ 30. Kxg1 Rc4 31. Kf1 Rxb4 32. Ke2 Rxa4
33. Kf3 Rd4 34. Ke3 Re4+ 35. Kd3 b5 36. g3 b4 37. f3 Rxe5 38. Kc2 a5 39. Kb3
Re3+ 40. Kb2 a4 41. g4 Re2+ 42. Kb1 b3 43. Kc1 a3 44. Kd1 Rh2 0-1

[Event "NAYCC U10"]
[Site "Montreal CAN"]
[Date "2010.08.17"]
[Round "4"]
[White "Bellissimo, Joseph"]
[Black "Zhang, Evan"]
[Result "0-1"]
[WhiteElo "1747"]
[BlackElo "1355"]
[PlyCount "94"]
[EventDate "2010.08.16"]
[EventType "swiss"]
[EventRounds "7"]
[EventCountry "CAN"]

1. e4 e5 2. Nf3 Nc6 3. Bc4 Bc5 4. Nc3 Nf6 5. d3 h6 6. a3 d6 7. Be3 Bb6 8. Nd5
Bg4 9. Nxb6 axb6 10. O-O O-O 11. c3 d5 12. exd5 Nxd5 13. Bd2 Na5 14. Ba2 Nf6
15. h3 Bh5 16. Be3 Bxf3 17. Qxf3 Qxd3 18. Qg3 Qf5 19. Bxh6 Nh5 20. Qg5 Qxg5 21.
Bxg5 Kh7 22. Be7 Rfe8 23. Bxf7 Rxe7 24. Bxh5 Nb3 25. Rad1 Kh6 26. Bg4 Nc5 27.
Rfe1 Na4 28. Re2 g6 29. Rd7 Rae8 30. Rxe7 Rxe7 31. f4 e4 32. f5 gxf5 33. Bxf5
e3 34. Bg4 Nc5 35. g3 Nd3 36. b4 Nf2 37. Kg2 Kg5 38. Kf3 Rf7+ 39. Kxe3 Nxg4+
40. hxg4 Kxg4 41. Rg2 Rf3+ 42. Kd4 c5+ 43. Kc4 cxb4 44. Kxb4 Re3 45. c4 Rf3 46.
a4 Re3 47. Kb5 Rb3# 0-1